| 000 | 00634nam a22002177a 4500 | ||
|---|---|---|---|
| 999 |
_c4118 _d4118 |
||
| 001 | 4118 | ||
| 003 | BD-JhCC | ||
| 005 | 20171123093700.0 | ||
| 008 | 171122s1963 ii ||||| |||| 00| 0 ben d | ||
| 035 | _a(BD-JhCC)4118 | ||
| 040 |
_aBD-JhCC _dBD-JhCC |
||
| 041 | _aben | ||
| 082 |
_a891.4415 _bTAG 1885 |
||
| 100 | _aঠাকুর, রবীন্দ্রনাথ | ||
| 245 |
_aকল্পনা / _cরবীন্দ্রনাথ ঠাকুর |
||
| 260 |
_aকলিকাতা : _bবিশ্বভারতী, _c1963. |
||
| 300 |
_a135 p. : _c18 cm. |
||
| 650 | _aBengali Poem | ||
| 942 |
_2ddc _cBK |
||